[Event "Team Championship (men rapid)"]
[Site "Sochi"]
[Date "2017.10.03"]
[Round "2.22"]
[White "Popov, Mikhail"]
[Black "Artemiev, Vladislav"]
[Result "0-1"]
[LiveChessVersion "1.4.8"]
[BlackElo "2712"]
[WhiteElo "2403"]

1. Nf3 {[%clk 0:15:18]} d5 {[%clk 0:15:15]} 2. d4 {[%clk 0:15:26]} Bf5
{[%clk 0:15:12]} 3. c4 {[%clk 0:15:28]} e6 {[%clk 0:15:20]} 4. Nc3
{[%clk 0:15:36]} Nf6 {[%clk 0:15:28]} 5. Qb3 {[%clk 0:15:40]} Nc6
{[%clk 0:15:35]} 6. cxd5 {[%clk 0:15:47]} exd5 {[%clk 0:15:43]} 7. e4
{[%clk 0:15:55]} Nxe4 {[%clk 0:09:01]} 8. Qxb7 {[%clk 0:15:48]} Bd7
{[%clk 0:09:09]} 9. Qb3 {[%clk 0:15:47]} Rb8 {[%clk 0:07:59]} 10. Qxd5
{[%clk 0:15:10]} Nf6 {[%clk 0:08:08]} 11. Qc4 {[%clk 0:14:27]} Bd6
{[%clk 0:08:05]} 12. Qe2+ {[%clk 0:11:39]} Be7 {[%clk 0:07:17]} 13. Qd1
{[%clk 0:10:17]} O-O {[%clk 0:06:24]} 14. Be2 {[%clk 0:10:23]} Bg4
{[%clk 0:05:51]} 15. O-O {[%clk 0:10:04]} Bxf3 {[%clk 0:05:59]} 16. Bxf3
{[%clk 0:10:12]} Nxd4 {[%clk 0:06:07]} 17. b3 {[%clk 0:09:02]} Rb6
{[%clk 0:05:29]} 18. Bb2 {[%clk 0:01:29]} Rd6 {[%clk 0:04:45]} 19. Ne4
{[%clk 0:01:23]} Rd7 {[%clk 0:03:35]} 20. Rb1 {[%clk 0:00:51]} Re8
{[%clk 0:03:39]} 21. Bxd4 {[%clk 0:00:35]} Rxd4 {[%clk 0:03:26]} 22. Qc2
{[%clk 0:00:44]} Nxe4 {[%clk 0:01:55]} 23. Bxe4 {[%clk 0:00:53]} Bd6
{[%clk 0:02:04]} 24. Bxh7+ {[%clk 0:00:22]} Kh8 {[%clk 0:02:13]} 25. Bf5
{[%clk 0:00:31]} g6 {[%clk 0:02:23]} 26. Bh3 {[%clk 0:00:32]} Rd2
{[%clk 0:02:32]} 27. Qc4 {[%clk 0:00:21]} Qf6 {[%clk 0:02:41]} 28. a4
{[%clk 0:00:19]} Ree2 {[%clk 0:02:41]} 29. f3 {[%clk 0:00:14]} Qe5
{[%clk 0:02:17]} 30. Qh4+ {[%clk 0:00:12]} Kg7 {[%clk 0:02:26]} 31. f4
{[%clk 0:00:21]} Qe4 {[%clk 0:02:06]} 32. Qg3 {[%clk 0:00:24]} Rd3
{[%clk 0:01:37]} 33. Qg5 {[%clk 0:00:21]} Rxh3 {[%clk 0:01:31]} 34. gxh3
{[%clk 0:00:17]} Bc5+ {[%clk 0:01:40]} 0-1

[Event "Team Championship (men rapid)"]
[Site "Sochi"]
[Date "2017.10.03"]
[Round "2.23"]
[White "Timofeev, Artyom"]
[Black "Slavin, Alexey"]
[Result "1/2-1/2"]
[LiveChessVersion "1.4.8"]
[BlackElo "2357"]
[WhiteElo "2608"]

1. c4 {[%clk 0:15:18]} c5 {[%clk 0:15:15]} 2. Nf3 {[%clk 0:15:23]} Nc6
{[%clk 0:15:23]} 3. Nc3 {[%clk 0:15:23]} g6 {[%clk 0:15:31]} 4. g3
{[%clk 0:15:28]} Bg7 {[%clk 0:15:38]} 5. Bg2 {[%clk 0:15:36]} e5 {[%clk 0:15:41]}
6. O-O {[%clk 0:15:41]} Nge7 {[%clk 0:15:49]} 7. Ne1 {[%clk 0:15:47]} O-O
{[%clk 0:15:35]} 8. Nc2 {[%clk 0:15:54]} d6 {[%clk 0:14:56]} 9. d3
{[%clk 0:15:34]} h6 {[%clk 0:14:44]} 10. a3 {[%clk 0:15:10]} a5 {[%clk 0:13:45]}
11. Rb1 {[%clk 0:15:01]} f5 {[%clk 0:13:29]} 12. Bd2 {[%clk 0:14:01]} a4
{[%clk 0:09:13]} 13. Ne3 {[%clk 0:12:58]} Nd4 {[%clk 0:09:15]} 14. Ned5
{[%clk 0:12:58]} Nxd5 {[%clk 0:08:03]} 15. Bxd5+ {[%clk 0:11:46]} Kh7
{[%clk 0:08:07]} 16. Nxa4 {[%clk 0:11:31]} Nxe2+ {[%clk 0:07:30]} 17. Qxe2
{[%clk 0:11:38]} Rxa4 {[%clk 0:07:39]} 18. f4 {[%clk 0:11:15]} exf4
{[%clk 0:07:13]} 19. gxf4 {[%clk 0:10:51]} Re8 {[%clk 0:06:16]} 20. Qg2
{[%clk 0:10:54]} Bd4+ {[%clk 0:06:03]} 21. Kh1 {[%clk 0:11:02]} Qf6
{[%clk 0:05:39]} 22. Rfe1 {[%clk 0:10:28]} Rxe1+ {[%clk 0:05:11]} 23. Rxe1
{[%clk 0:08:21]} Bxb2 {[%clk 0:05:13]} 24. Qe2 {[%clk 0:08:24]} Bd7
{[%clk 0:03:26]} 25. Qe7+ {[%clk 0:04:41]} Qg7 {[%clk 0:03:34]} 26. Qxg7+
{[%clk 0:04:49]} Bxg7 {[%clk 0:03:35]} 27. Re7 {[%clk 0:04:57]} Rxa3
{[%clk 0:03:35]} 28. Rxd7 {[%clk 0:05:06]} Ra1+ {[%clk 0:02:45]} 29. Kg2
{[%clk 0:05:14]} Ra2 {[%clk 0:02:53]} 30. Rxd6 {[%clk 0:05:21]} Rxd2+
{[%clk 0:03:00]} 31. Kf1 {[%clk 0:05:29]} Rxh2 {[%clk 0:02:14]} 32. Bf7
{[%clk 0:05:31]} Bd4 {[%clk 0:02:10]} 33. Bxg6+ {[%clk 0:05:29]} Kg7
{[%clk 0:02:15]} 34. Bxf5 {[%clk 0:05:32]} Rf2+ {[%clk 0:02:17]} 35. Ke1
{[%clk 0:05:40]} Rxf4 {[%clk 0:02:26]} 36. Be4 {[%clk 0:05:45]} Rf6
{[%clk 0:01:54]} 1/2-1/2

[Event "Team Championship (men rapid)"]
[Site "Sochi"]
[Date "2017.10.03"]
[Round "2.24"]
[White "Barskij, Vladimir"]
[Black "Hasangatin, Ramil"]
[Result "1/2-1/2"]
[WhiteElo "2387"]
[BlackElo "2499"]
[PlyCount "108"]
[EventDate "2017.??.??"]
[TimeControl "1200+180"]
[WhiteClock "0:01:22"]
[BlackClock "0:02:24"]

1. e4 d5 2. exd5 Qxd5 3. Nc3 Qd6 4. d4 Nf6 5. Nb5 Qd8 6. c4 c6 7. Nc3 g6 8. Nf3
Bg7 9. Be2 O-O 10. O-O Ne8 11. h3 Nd6 12. Bf4 Nd7 13. Qd2 Re8 14. Rad1 Nf6 15.
Be5 Be6 16. b3 Nde4 17. Nxe4 Nxe4 18. Qe3 Nf6 19. Ng5 Bf5 20. g4 Bc8 21. f4 Bh6
22. Bd3 Nd7 23. Qg3 Nxe5 24. dxe5 Bxg5 25. fxg5 Be6 26. Kg2 Qa5 27. Rf2 Rad8
28. Rdf1 Rd4 29. Bf5 gxf5 30. gxf5 Bc8 31. g6 Rd2 (31... hxg6 32. fxg6 f6 33.
exf6) 32. gxh7+ Kh8 33. f6 (33. Kh1 Rxf2 34. Rg1) 33... exf6 34. exf6 Rxf2+ 35.
Rxf2 Bxh3+ 36. Qxh3 Qg5+ 37. Qg3 Qxg3+ (37... Qh6) 38. Kxg3 Kxh7 39. Rd2 Kg6
40. Rd7 Rb8 41. Rd6 Kf5 42. c5 Ke5 43. Kf3 a5 44. Ke3 Rh8 45. Rd7 Rh3+ 46. Kd2
Kxf6 47. Rxb7 Ke6 48. Rc7 Kd5 49. Rxf7 Kxc5 50. Rf5+ Kb6 51. Kc2 Rh2+ 52. Kb1
Rg2 53. Rf4 Kb5 54. Rc4 Rh2 1/2-1/2

[Event "Team Championship (men rapid)"]
[Site "Sochi"]
[Date "2017.10.03"]
[Round "2.25"]
[White "Moskalenko, Alexander"]
[Black "Nazaretyan, Tigran"]
[Result "1-0"]
[LiveChessVersion "1.4.8"]
[BlackElo "2409"]
[WhiteElo "2459"]

1. c4 {[%clk 0:15:17]} Nf6 {[%clk 0:14:57]} 2. Nc3 {[%clk 0:15:18]} g6
{[%clk 0:14:47]} 3. g3 {[%clk 0:15:16]} Bg7 {[%clk 0:14:39]} 4. Bg2
{[%clk 0:15:24]} O-O {[%clk 0:14:31]} 5. d4 {[%clk 0:15:18]} c5 {[%clk 0:14:29]}
6. Nf3 {[%clk 0:15:18]} d6 {[%clk 0:14:27]} 7. O-O {[%clk 0:15:17]} Nc6
{[%clk 0:14:28]} 8. dxc5 {[%clk 0:14:28]} dxc5 {[%clk 0:14:30]} 9. Be3
{[%clk 0:14:36]} b6 {[%clk 0:11:37]} 10. Qc1 {[%clk 0:11:19]} Bb7
{[%clk 0:10:34]} 11. Rd1 {[%clk 0:11:23]} Qc8 {[%clk 0:10:24]} 12. Bh6
{[%clk 0:11:18]} Qg4 {[%clk 0:08:18]} 13. Bxg7 {[%clk 0:11:01]} Kxg7
{[%clk 0:08:23]} 14. Nd5 {[%clk 0:11:10]} Rad8 {[%clk 0:06:37]} 15. Qc3
{[%clk 0:10:57]} Qe6 {[%clk 0:06:24]} 16. e3 {[%clk 0:09:45]} h6 {[%clk 0:06:04]}
17. b3 {[%clk 0:04:35]} Kh7 {[%clk 0:05:15]} 18. Nd2 {[%clk 0:04:29]} Na5
{[%clk 0:04:12]} 19. Nf4 {[%clk 0:03:34]} Qd7 {[%clk 0:03:48]} 20. Bxb7
{[%clk 0:02:58]} Qxb7 {[%clk 0:03:52]} 21. h4 {[%clk 0:02:42]} Ne4
{[%clk 0:03:38]} 22. Qc2 {[%clk 0:02:37]} Nxd2 {[%clk 0:03:17]} 23. Rxd2
{[%clk 0:02:44]} Rxd2 {[%clk 0:03:25]} 24. Qxd2 {[%clk 0:02:52]} Nc6
{[%clk 0:03:29]} 25. Rd1 {[%clk 0:01:43]} Rd8 {[%clk 0:03:25]} 26. Qe2
{[%clk 0:01:43]} Rxd1+ {[%clk 0:02:19]} 27. Qxd1 {[%clk 0:01:52]} e6
{[%clk 0:02:27]} 28. Qd6 {[%clk 0:01:49]} Kg7 {[%clk 0:01:55]} 29. g4
{[%clk 0:01:43]} Ne7 {[%clk 0:01:34]} 30. Ne2 {[%clk 0:01:00]} Qf3
{[%clk 0:01:31]} 31. Ng3 {[%clk 0:01:08]} Nc6 {[%clk 0:01:33]} 32. g5
{[%clk 0:01:13]} hxg5 {[%clk 0:01:37]} 33. hxg5 {[%clk 0:01:21]} Nb4
{[%clk 0:00:48]} 34. a3 {[%clk 0:01:13]} Nc6 {[%clk 0:00:28]} 35. b4
{[%clk 0:01:21]} cxb4 {[%clk 0:00:31]} 36. axb4 {[%clk 0:01:29]} a5
{[%clk 0:00:38]} 37. b5 {[%clk 0:01:33]} Nb4 {[%clk 0:00:48]} 38. Qxb6
{[%clk 0:01:36]} Nc2 {[%clk 0:00:51]} 39. Qxa5 {[%clk 0:01:28]} Qd1+
{[%clk 0:00:45]} 40. Kh2 {[%clk 0:01:37]} Ne1 {[%clk 0:00:43]} 41. Qc3+
{[%clk 0:01:26]} Kg8 {[%clk 0:00:47]} 42. Qf6 {[%clk 0:01:19]} Nf3+
{[%clk 0:00:30]} 43. Kh3 {[%clk 0:01:24]} e5 {[%clk 0:00:21]} 44. b6
{[%clk 0:01:20]} Qd7+ {[%clk 0:00:27]} 45. Kg2 {[%clk 0:01:17]} Nh4+
{[%clk 0:00:25]} 46. Kh2 {[%clk 0:01:05]} Qb7 {[%clk 0:00:19]} 47. e4
{[%clk 0:01:11]} Qd7 {[%clk 0:00:20]} 48. c5 {[%clk 0:01:05]} Qg4
{[%clk 0:00:29]} 49. b7 {[%clk 0:01:09]} Nf3+ {[%clk 0:00:36]} 50. Qxf3
{[%clk 0:01:09]} Qxf3 {[%clk 0:00:45]} 51. b8=Q+ {[%clk 0:01:15]} Kh7
{[%clk 0:00:54]} 52. Qb2 {[%clk 0:01:20]} Qf4 {[%clk 0:00:55]} 53. c6
{[%clk 0:01:15]} Qxg5 {[%clk 0:01:01]} 54. c7 {[%clk 0:01:20]} Qh4+
{[%clk 0:00:59]} 55. Kg2 {[%clk 0:01:29]} Qg4 {[%clk 0:01:03]} 56. Qb8
{[%clk 0:01:36]} 1-0

[Event "Team Championship (men rapid)"]
[Site "Sochi"]
[Date "2017.10.03"]
[Round "2.26"]
[White "Tenikashvili, Georgij"]
[Black "Vastrukhin, Oleg"]
[Result "0-1"]
[LiveChessVersion "1.4.8"]
[BlackElo "2508"]
[WhiteElo "2273"]

1. d4 {[%clk 0:15:10]} g6 {[%clk 0:14:44]} 2. c4 {[%clk 0:15:15]} Bg7
{[%clk 0:14:53]} 3. Nc3 {[%clk 0:15:20]} c5 {[%clk 0:15:01]} 4. d5
{[%clk 0:15:25]} Bxc3+ {[%clk 0:15:08]} 5. bxc3 {[%clk 0:15:32]} f5
{[%clk 0:15:17]} 6. Nf3 {[%clk 0:13:57]} d6 {[%clk 0:15:20]} 7. e3
{[%clk 0:13:29]} Qa5 {[%clk 0:15:23]} 8. Qc2 {[%clk 0:13:09]} Nf6
{[%clk 0:15:29]} 9. Ng5 {[%clk 0:12:32]} h6 {[%clk 0:14:36]} 10. Nh3
{[%clk 0:12:39]} Nbd7 {[%clk 0:14:44]} 11. Be2 {[%clk 0:12:23]} Nb6
{[%clk 0:14:03]} 12. O-O {[%clk 0:11:44]} Bd7 {[%clk 0:13:59]} 13. Nf4
{[%clk 0:11:28]} Rg8 {[%clk 0:13:13]} 14. Bd3 {[%clk 0:11:16]} Qa4
{[%clk 0:12:46]} 15. Qe2 {[%clk 0:10:31]} O-O-O {[%clk 0:12:43]} 16. f3
{[%clk 0:10:32]} g5 {[%clk 0:12:40]} 17. Ne6 {[%clk 0:10:33]} Bxe6
{[%clk 0:12:43]} 18. dxe6 {[%clk 0:10:42]} Kb8 {[%clk 0:11:24]} 19. Bxf5
{[%clk 0:10:05]} Qxc4 {[%clk 0:11:24]} 20. Qxc4 {[%clk 0:09:53]} Nxc4
{[%clk 0:11:32]} 21. Bd3 {[%clk 0:09:08]} Ne5 {[%clk 0:11:03]} 22. Be2
{[%clk 0:09:17]} d5 {[%clk 0:08:57]} 23. Rd1 {[%clk 0:06:31]} Nc6
{[%clk 0:08:20]} 24. Rb1 {[%clk 0:06:19]} Rd6 {[%clk 0:08:17]} 25. Ba3
{[%clk 0:06:22]} Rxe6 {[%clk 0:08:07]} 26. Bxc5 {[%clk 0:06:24]} b6
{[%clk 0:07:36]} 27. c4 {[%clk 0:04:09]} Rd8 {[%clk 0:07:45]} 28. cxd5
{[%clk 0:04:16]} Nxd5 {[%clk 0:07:21]} 29. Bc4 {[%clk 0:03:56]} Re5
{[%clk 0:05:59]} 30. Bd4 {[%clk 0:03:55]} Nxd4 {[%clk 0:06:03]} 31. Rxd4
{[%clk 0:04:02]} Rd6 {[%clk 0:06:00]} 32. e4 {[%clk 0:03:42]} Nc3
{[%clk 0:05:15]} 33. Rxd6 {[%clk 0:03:50]} exd6 {[%clk 0:05:25]} 34. Rc1
{[%clk 0:03:27]} Na4 {[%clk 0:04:23]} 35. Bd5 {[%clk 0:03:28]} Nc5
{[%clk 0:04:32]} 36. Rc2 {[%clk 0:02:51]} Kc7 {[%clk 0:04:25]} 37. Kf1
{[%clk 0:02:59]} b5 {[%clk 0:04:31]} 38. Ke2 {[%clk 0:02:58]} a5 {[%clk 0:04:33]}
39. Ke3 {[%clk 0:02:38]} Kd7 {[%clk 0:02:39]} 40. Kd4 {[%clk 0:02:31]} Ne6+
{[%clk 0:02:14]} 41. Ke3 {[%clk 0:01:46]} Nc7 {[%clk 0:02:16]} 42. Bc6+
{[%clk 0:01:12]} Kd8 {[%clk 0:02:24]} 43. g3 {[%clk 0:01:21]} Na6
{[%clk 0:02:20]} 44. a3 {[%clk 0:01:04]} b4 {[%clk 0:02:27]} 45. Bd5
{[%clk 0:01:10]} bxa3 {[%clk 0:02:30]} 46. f4 {[%clk 0:00:50]} gxf4+
{[%clk 0:02:38]} 47. gxf4 {[%clk 0:00:59]} Nb4 {[%clk 0:02:23]} 48. fxe5
{[%clk 0:00:53]} Nxc2+ {[%clk 0:02:31]} 49. Kf4 {[%clk 0:00:19]} Nb4
{[%clk 0:02:39]} 50. Bc4 {[%clk 0:00:23]} dxe5+ {[%clk 0:02:43]} 51. Kxe5
{[%clk 0:00:32]} a2 {[%clk 0:02:52]} 52. Bxa2 {[%clk 0:00:39]} Nxa2
{[%clk 0:03:00]} 53. Kd4 {[%clk 0:00:45]} Nb4 {[%clk 0:03:07]} 54. Kc4
{[%clk 0:00:48]} Ke7 {[%clk 0:03:15]} 55. Kb5 {[%clk 0:00:57]} Nc6
{[%clk 0:03:24]} 0-1

[Event "Team Championship (men rapid)"]
[Site "Sochi"]
[Date "2017.10.03"]
[Round "2.27"]
[White "Oganian, Miran"]
[Black "Basiev, Valeriy P."]
[Result "1-0"]
[LiveChessVersion "1.4.8"]
[BlackElo "2112"]
[WhiteElo "2432"]

1. d4 {[%clk 0:15:04]} Nf6 {[%clk 0:15:01]} 2. c4 {[%clk 0:15:12]} c5
{[%clk 0:14:57]} 3. d5 {[%clk 0:15:19]} b5 {[%clk 0:15:01]} 4. cxb5
{[%clk 0:15:27]} a6 {[%clk 0:15:10]} 5. bxa6 {[%clk 0:15:36]} g6 {[%clk 0:15:03]}
6. Nc3 {[%clk 0:15:43]} Bxa6 {[%clk 0:15:09]} 7. e4 {[%clk 0:15:47]} Bxf1
{[%clk 0:15:16]} 8. Kxf1 {[%clk 0:15:56]} d6 {[%clk 0:15:25]} 9. Nf3
{[%clk 0:16:02]} Bg7 {[%clk 0:15:27]} 10. g3 {[%clk 0:16:11]} O-O
{[%clk 0:15:35]} 11. Kg2 {[%clk 0:16:20]} Nbd7 {[%clk 0:15:17]} 12. a4
{[%clk 0:16:27]} Ng4 {[%clk 0:14:05]} 13. Qc2 {[%clk 0:14:34]} h6
{[%clk 0:12:54]} 14. b3 {[%clk 0:14:17]} f5 {[%clk 0:12:09]} 15. Bb2
{[%clk 0:13:34]} f4 {[%clk 0:11:43]} 16. Rhf1 {[%clk 0:11:49]} fxg3
{[%clk 0:08:10]} 17. hxg3 {[%clk 0:11:56]} Nde5 {[%clk 0:07:02]} 18. Nxe5
{[%clk 0:11:47]} Bxe5 {[%clk 0:01:17]} 19. Nd1 {[%clk 0:10:48]} Kh7
{[%clk 0:00:36]} 20. Bxe5 {[%clk 0:10:36]} Nxe5 {[%clk 0:00:40]} 21. Ne3
{[%clk 0:10:33]} Nf3 {[%clk 0:00:25]} 22. Qd3 {[%clk 0:09:55]} Nd4
{[%clk 0:00:23]} 23. b4 {[%clk 0:09:47]} Qc7 {[%clk 0:00:12]} 24. b5
{[%clk 0:09:22]} Ra5 {[%clk 0:00:16]} 25. Nc4 {[%clk 0:09:12]} Rf3
{[%clk 0:00:15]} 26. Qxf3 {[%clk 0:07:05]} Nxf3 {[%clk 0:00:21]} 27. Kxf3
{[%clk 0:07:13]} Ra8 {[%clk 0:00:21]} 28. Kg2 {[%clk 0:07:20]} Rf8
{[%clk 0:00:19]} 29. a5 {[%clk 0:06:54]} Qd7 {[%clk 0:00:21]} 30. b6
{[%clk 0:06:59]} Qb5 {[%clk 0:00:12]} 31. Rfc1 {[%clk 0:06:51]} Qb3
{[%clk 0:00:15]} 32. Ra3 {[%clk 0:06:37]} Qb5 {[%clk 0:00:11]} 33. a6
{[%clk 0:06:36]} 1-0

[Event "Team Championship (men rapid)"]
[Site "Sochi"]
[Date "2017.10.03"]
[Round "2.29"]
[White "Kurbedinov, Ramis"]
[Black "Perov, German"]
[Result "1/2-1/2"]
[LiveChessVersion "1.4.8"]
[BlackElo "1879"]
[WhiteElo "2244"]

1. d4 {[%clk 0:15:16]} d5 {[%clk 0:15:12]} 2. Nf3 {[%clk 0:15:22]} Nf6
{[%clk 0:15:18]} 3. c4 {[%clk 0:15:29]} e6 {[%clk 0:15:21]} 4. Nc3
{[%clk 0:15:37]} c5 {[%clk 0:15:28]} 5. cxd5 {[%clk 0:15:31]} Nxd5
{[%clk 0:15:36]} 6. e3 {[%clk 0:15:27]} Nc6 {[%clk 0:15:31]} 7. Bd3
{[%clk 0:15:24]} cxd4 {[%clk 0:15:33]} 8. exd4 {[%clk 0:15:32]} Be7
{[%clk 0:15:35]} 9. O-O {[%clk 0:15:29]} O-O {[%clk 0:15:41]} 10. Qe2
{[%clk 0:14:11]} Nf6 {[%clk 0:14:43]} 11. Rd1 {[%clk 0:14:10]} Nb4
{[%clk 0:14:52]} 12. Bc4 {[%clk 0:13:42]} Nbd5 {[%clk 0:14:53]} 13. Ne5
{[%clk 0:12:54]} Nxc3 {[%clk 0:10:19]} 14. bxc3 {[%clk 0:13:02]} b6
{[%clk 0:09:27]} 15. Nc6 {[%clk 0:11:43]} Qc7 {[%clk 0:09:36]} 16. Nxe7+
{[%clk 0:11:51]} Qxe7 {[%clk 0:09:44]} 17. a4 {[%clk 0:10:55]} Rd8
{[%clk 0:09:46]} 18. Bg5 {[%clk 0:09:58]} Bb7 {[%clk 0:08:49]} 19. a5
{[%clk 0:09:51]} h6 {[%clk 0:08:28]} 20. Bh4 {[%clk 0:08:44]} g5 {[%clk 0:07:21]}
21. Bg3 {[%clk 0:08:14]} Ne4 {[%clk 0:07:18]} 22. Qh5 {[%clk 0:06:48]} Qf6
{[%clk 0:06:59]} 23. Bd3 {[%clk 0:05:33]} Nxg3 {[%clk 0:06:32]} 24. fxg3
{[%clk 0:05:13]} Rac8 {[%clk 0:05:59]} 25. Rf1 {[%clk 0:04:59]} Qg7
{[%clk 0:06:04]} 26. axb6 {[%clk 0:04:35]} axb6 {[%clk 0:03:05]} 27. Ra7
{[%clk 0:04:37]} Rd7 {[%clk 0:03:06]} 28. d5 {[%clk 0:03:45]} Bc6
{[%clk 0:02:08]} 29. Rxd7 {[%clk 0:02:04]} Bxd7 {[%clk 0:02:17]} 30. c4
{[%clk 0:01:23]} exd5 {[%clk 0:02:24]} 31. cxd5 {[%clk 0:01:31]} Qd4+
{[%clk 0:01:26]} 32. Kh1 {[%clk 0:01:34]} Qxd3 {[%clk 0:01:33]} 33. Qxf7+
{[%clk 0:01:37]} Kh8 {[%clk 0:01:42]} 34. Qf6+ {[%clk 0:01:37]} 1/2-1/2

[Event "Team Championship (men rapid)"]
[Site "Sochi"]
[Date "2017.10.03"]
[Round "2.30"]
[White "Murtazin, Ruslan"]
[Black "Iljin, Timofey"]
[Result "0-1"]
[LiveChessVersion "1.4.8"]
[BlackElo "2500"]
[WhiteElo "2220"]

1. e4 {[%clk 0:15:19]} c5 {[%clk 0:15:19]} 2. Nf3 {[%clk 0:15:27]} Nc6
{[%clk 0:15:27]} 3. Bb5 {[%clk 0:15:33]} d6 {[%clk 0:15:31]} 4. Bxc6+
{[%clk 0:15:33]} bxc6 {[%clk 0:15:39]} 5. O-O {[%clk 0:15:36]} e5
{[%clk 0:15:16]} 6. c3 {[%clk 0:15:16]} Bg4 {[%clk 0:14:54]} 7. h3
{[%clk 0:15:07]} Bh5 {[%clk 0:14:16]} 8. Re1 {[%clk 0:14:45]} Nf6
{[%clk 0:14:16]} 9. d4 {[%clk 0:14:13]} cxd4 {[%clk 0:14:00]} 10. cxd4
{[%clk 0:14:22]} Nd7 {[%clk 0:14:07]} 11. Nbd2 {[%clk 0:11:43]} Be7
{[%clk 0:13:58]} 12. g4 {[%clk 0:11:09]} Bg6 {[%clk 0:14:03]} 13. Nc4
{[%clk 0:11:18]} Qc7 {[%clk 0:13:06]} 14. Bd2 {[%clk 0:10:59]} O-O
{[%clk 0:11:29]} 15. Ba5 {[%clk 0:10:41]} Qb8 {[%clk 0:11:29]} 16. Bc3
{[%clk 0:10:21]} f6 {[%clk 0:10:12]} 17. Nh4 {[%clk 0:08:34]} Bf7
{[%clk 0:10:13]} 18. Ne3 {[%clk 0:08:24]} g6 {[%clk 0:08:00]} 19. Nhg2
{[%clk 0:07:09]} Rd8 {[%clk 0:05:30]} 20. Qe2 {[%clk 0:05:37]} Qb7
{[%clk 0:05:00]} 21. Nf1 {[%clk 0:05:22]} Bf8 {[%clk 0:04:38]} 22. Ng3
{[%clk 0:05:23]} Re8 {[%clk 0:04:23]} 23. Qd2 {[%clk 0:05:11]} Rad8
{[%clk 0:03:51]} 24. Kh1 {[%clk 0:04:48]} d5 {[%clk 0:01:47]} 25. dxe5
{[%clk 0:03:50]} fxe5 {[%clk 0:01:52]} 26. exd5 {[%clk 0:03:02]} cxd5
{[%clk 0:01:57]} 27. Kh2 {[%clk 0:02:33]} d4 {[%clk 0:01:31]} 28. Ba5
{[%clk 0:02:40]} Nb6 {[%clk 0:01:37]} 29. Bxb6 {[%clk 0:02:23]} Qxb6
{[%clk 0:01:43]} 30. Ne4 {[%clk 0:01:36]} Bb4 {[%clk 0:01:43]} 31. Qg5
{[%clk 0:01:30]} Bxe1 {[%clk 0:01:33]} 32. Rxe1 {[%clk 0:01:23]} Kh8
{[%clk 0:00:45]} 33. Nh4 {[%clk 0:00:51]} d3 {[%clk 0:00:50]} 34. Nf3
{[%clk 0:00:37]} Bd5 {[%clk 0:00:40]} 35. Nfd2 {[%clk 0:00:20]} Kg7
{[%clk 0:00:31]} 36. Rc1 {[%clk 0:00:14]} h6 37. Qh4 {[%clk 0:00:20]} Bxe4
{[%clk 0:00:26]} 38. Nxe4 {[%clk 0:00:29]} d2 {[%clk 0:00:33]} 39. Rd1
{[%clk 0:00:22]} g5 {[%clk 0:00:39]} 40. Qg3 {[%clk 0:00:26]} Qxb2
{[%clk 0:00:43]} 41. h4 {[%clk 0:00:13]} Qd4 {[%clk 0:00:44]} 42. f3
{[%clk 0:00:13]} Qe3 {[%clk 0:00:48]} 43. Qg2 {[%clk 0:00:15]} Qf4+
{[%clk 0:00:53]} 44. Kh3 {[%clk 0:00:19]} Rd3 {[%clk 0:00:54]} 45. Rxd2
{[%clk 0:00:11]} Rxf3+ {[%clk 0:00:58]} 46. Ng3 {[%clk 0:00:19]} Rxg3+
{[%clk 0:01:05]} 47. Qxg3 {[%clk 0:00:27]} Qxd2 {[%clk 0:01:13]} 48. Qa3
{[%clk 0:00:17]} Qd7 {[%clk 0:01:10]} 49. Qe3 {[%clk 0:00:14]} Qe7
{[%clk 0:01:12]} 50. a4 {[%clk 0:00:12]} gxh4 {[%clk 0:01:14]} 51. a5
{[%clk 0:00:17]} Rf8 {[%clk 0:01:22]} 52. a6 {[%clk 0:00:24]} Rf7
{[%clk 0:01:18]} 0-1

[Event "Team Championship (men rapid)"]
[Site "Sochi"]
[Date "2017.10.03"]
[Round "2.31"]
[White "Papenin, Nikolai"]
[Black "Bondareva, Daria"]
[Result "1-0"]
[LiveChessVersion "1.4.8"]
[BlackElo "1772"]
[WhiteElo "2353"]

1. d4 {[%clk 0:15:19]} Nf6 {[%clk 0:15:20]} 2. c4 {[%clk 0:15:27]} e6
{[%clk 0:15:29]} 3. Nc3 {[%clk 0:15:35]} Bb4 {[%clk 0:15:37]} 4. Bg5
{[%clk 0:15:31]} O-O {[%clk 0:15:17]} 5. Nf3 {[%clk 0:15:33]} c5 {[%clk 0:14:35]}
6. d5 {[%clk 0:15:41]} exd5 {[%clk 0:14:12]} 7. cxd5 {[%clk 0:15:48]} d6
{[%clk 0:13:59]} 8. e3 {[%clk 0:15:53]} Nbd7 {[%clk 0:12:52]} 9. Be2
{[%clk 0:15:32]} Qa5 {[%clk 0:12:26]} 10. O-O {[%clk 0:12:49]} Bxc3
{[%clk 0:10:30]} 11. bxc3 {[%clk 0:12:58]} Ne4 {[%clk 0:08:00]} 12. c4
{[%clk 0:12:19]} Nc3 {[%clk 0:06:57]} 13. Qd2 {[%clk 0:12:08]} Nxe2+
{[%clk 0:07:05]} 14. Qxe2 {[%clk 0:12:16]} f6 {[%clk 0:07:15]} 15. Bh4
{[%clk 0:11:39]} Qc7 {[%clk 0:06:37]} 16. a4 {[%clk 0:11:32]} Ne5
{[%clk 0:04:29]} 17. Nd2 {[%clk 0:11:37]} f5 {[%clk 0:03:11]} 18. Bg3
{[%clk 0:11:05]} Ng6 {[%clk 0:02:44]} 19. Ra3 {[%clk 0:10:27]} Bd7
{[%clk 0:02:33]} 20. f4 {[%clk 0:04:54]} Rae8 {[%clk 0:01:23]} 21. h4
{[%clk 0:04:55]} Kh8 {[%clk 0:00:56]} 22. h5 Ne7 23. Nf3 {[%clk 0:04:55]} Ng8
{[%clk 0:01:03]} 24. Be1 {[%clk 0:05:00]} Nf6 {[%clk 0:00:51]} 25. h6
{[%clk 0:04:53]} Bc8 {[%clk 0:00:19]} 26. Bc3 {[%clk 0:04:41]} gxh6
{[%clk 0:00:15]} 27. Ba1 {[%clk 0:04:40]} Kg8 {[%clk 0:00:21]} 28. Nd2
{[%clk 0:03:19]} Re7 {[%clk 0:00:18]} 29. e4 {[%clk 0:02:50]} fxe4
{[%clk 0:00:18]} 30. Rg3+ {[%clk 0:02:35]} Bg4 {[%clk 0:00:23]} 31. Bxf6
{[%clk 0:02:13]} Rxf6 {[%clk 0:00:33]} 32. Rxg4+ {[%clk 0:02:16]} Rg6
{[%clk 0:00:40]} 33. f5 {[%clk 0:02:23]} Rxg4 {[%clk 0:00:48]} 34. Qxg4+
{[%clk 0:02:30]} Kf8 {[%clk 0:00:29]} 35. f6 {[%clk 0:02:34]} Rf7
{[%clk 0:00:20]} 36. Nxe4 {[%clk 0:02:42]} Qd7 {[%clk 0:00:28]} 37. Qg3
{[%clk 0:02:46]} 1-0